000 00335nam a2200133Ia 4500
008 200103s9999||||xx |||||||||||||| ||und||
040 _aIMU-MPC
082 _aColumn-50
100 _aSemenov, S. M. and Creighton, H. C.
245 4 _aThe Powerhouse of the Atom
260 _bMir Publishers, Moscow
_c1977
300 _a304
942 _cBK
999 _c9794
_d9794